000 00776nam a2200265Ia 4500
003 OSt
005 20220924113035.0
006 a|||||r|||| 00| 0
007 ta
008 220923b |||||||| |||| 00| 0 eng d
024 _a54534
037 _cDictionary
040 _aARTS
_cARTS
_beng
041 _2eng
_aeng
082 _aP111:4k, 495L2 (RR)
100 _aThorlin Eldora S
_9169358
245 0 _aEverday Korean
_b a basic English-Korean Wordbook
260 _aNew
_bYork Wealtherhill
_c1972
300 _avi,180p.
_ccm.
500 _aAppendices (157-58p)
650 _aLINGUISTICS
700 _a Henthorn Taesoon
_9169359
942 _hP111:4k, 495L2 (RR)
_cdic
_2cc
999 _c389056
_d389056